[Event "Oberhausener SV 2 - FS Dortmund 1"]
[Site "Verbandsklasse - Gruppe 1 202"]
[Date "2022.05.29"]
[Round "5.8"]
[White "Rippke, Uwe"]
[Black "Watzlawek, Volker"]
[Result "1-0"]
[WhiteElo "1679"]
[BlackElo "1567"]
[PlyCount "63"]
[EventDate "2022.??.??"]
[WhiteTeam "Oberhausener SV 2"]
[BlackTeam "FS Dortmund 1"]

1. d4 e6 2. c4 f5 3. Nc3 Nf6 4. Bg5 c6 5. e3 d5 6. Bxf6 Qxf6 7. cxd5 exd5 8.
Nf3 Bd6 9. Rc1 O-O 10. Be2 b6 11. O-O Nd7 12. a3 Bb7 13. Qa4 a5 14. Nxd5 Qh6
15. Nc3 Kh8 16. g3 Rae8 17. Rfe1 g5 18. d5 b5 19. Qd4+ Be5 20. Nxe5 Nxe5 21. f4
c5 22. Qxc5 Ng4 23. Bxg4 fxg4 24. Qd4+ Kg8 25. Nxb5 gxf4 26. exf4 Rd8 27. Re5
Rf6 28. Rce1 Rd7 29. Rg5+ Kf7 30. Ree5 Ba6 31. d6 Bxb5 32. Qd5+ 1-0

[Event "SG Gladbeck 1 - SG Bochum 3"]
[Site "Verbandsklasse - Gruppe 1 202"]
[Date "2022.05.29"]
[Round "5.1"]
[White "Stachnik, Adam"]
[Black "Hassenrueck, Helmut"]
[Result "0-1"]
[WhiteElo "1805"]
[BlackElo "2101"]
[PlyCount "64"]
[EventDate "2022.??.??"]
[WhiteTeam "SG Bochum 3"]
[BlackTeam "SG Gladbeck 1"]

1. e4 c5 2. Nc3 Nc6 3. g3 g6 4. Bg2 Bg7 5. Nge2 d6 6. O-O Rb8 7. a4 e6 8. h3
Nge7 9. Kh2 O-O 10. f4 f5 11. d3 b6 12. Be3 d5 13. exd5 Nxd5 14. Bg1 Re8 15.
Qd2 Bb7 16. Rae1 Ndb4 17. Nd1 e5 18. fxe5 Nxe5 19. Nec3 Qd7 20. Be3 Bxg2 21.
Qxg2 Qb7 22. Qf2 Nec6 23. Nb5 Qd7 24. Re2 a6 25. Nbc3 Nd4 26. Rd2 Re6 27. Nb1
Nd5 28. Nbc3 Nxe3 29. Nxe3 Bh6 30. Ncd5 Rbe8 31. Re1 Bxe3 32. Nxe3 Qc6 0-1

[Event "SG Gladbeck 1 - SG Bochum 3"]
[Site "Verbandsklasse - Gruppe 1 202"]
[Date "2022.05.29"]
[Round "5.3"]
[White "Hofmann, Benjamin"]
[Black "Rickert, Stefan"]
[Result "0-1"]
[WhiteElo "1620"]
[BlackElo "1899"]
[PlyCount "104"]
[EventDate "2022.??.??"]
[WhiteTeam "SG Bochum 3"]
[BlackTeam "SG Gladbeck 1"]

1. e4 c5 2. Nc3 Nc6 3. f4 d6 4. Bb5 Nf6 5. Nf3 a6 6. Bxc6+ bxc6 7. O-O g6 8. d3
Bg7 9. Qe2 O-O 10. Nd1 a5 11. c4 Nd7 12. Nf2 e6 13. Kh1 Rb8 14. g4 f5 15. exf5
exf5 16. Qe6+ Kh8 17. Ng5 Ne5 18. fxe5 Bxe6 19. Nxe6 Qe7 20. Nxf8 Rxf8 21. exd6
Qxd6 22. Be3 f4 23. Bd2 Bxb2 24. Rab1 Bd4 25. Ne4 Qc7 26. Rf3 h6 27. g5 h5 28.
Rbf1 Be5 29. Nxc5 Rf5 30. h4 Kg8 31. Nb3 a4 32. Nc5 Qa7 33. Bb4 Bd6 34. d4 Qf7
35. Rc1 Qe7 36. Re1 Qf7 37. Rc1 Qg7 38. Ne6 Qd7 39. Nc5 Qc8 40. Re1 Rf7 41. Re6
Bxc5 42. Rxg6+ Rg7 43. Rxg7+ Kxg7 44. Bxc5 Qg4 45. Rf2 Qxh4+ 46. Kg1 Qg3+ 47.
Kf1 Qh3+ 48. Ke2 Qe3+ 49. Kf1 f3 50. Kg1 h4 51. Bd6 Qxd4 52. c5 Kg6 0-1

[Event "SG Gladbeck 1 - SG Bochum 3"]
[Site "Verbandsklasse - Gruppe 1 202"]
[Date "2022.05.29"]
[Round "5.4"]
[White "Wenzel, Martin"]
[Black "Gausmann, Thomas"]
[Result "1/2-1/2"]
[WhiteElo "1934"]
[BlackElo "1713"]
[Annotator "daniel"]
[PlyCount "112"]
[EventDate "2022.??.??"]
[WhiteTeam "SG Gladbeck 1"]
[BlackTeam "SG Bochum 3"]

1. e4 e5 2. Nf3 Nf6 3. d4 Nxe4 4. dxe5 d5 5. Nbd2 Nxd2 6. Qxd2 Be7 7. Qf4 Be6
8. Bd2 Nc6 9. O-O-O Qd7 10. Bb5 O-O-O 11. Nd4 Kb8 12. Qe3 Bc5 13. Bxc6 Bxd4 $11
14. Qxd4 Qxc6 15. Be3 Qb6 16. Qh4 Qa6 17. Rd3 b6 18. Ra3 Qc4 19. Qxc4 dxc4 20.
h3 h5 21. Bg5 Rd5 22. f4 Rf8 23. Re3 Bf5 24. Rg1 f6 25. g4 hxg4 26. hxg4 fxg5
27. gxf5 gxf4 28. Re4 Rxf5 29. e6 Rde5 30. Rge1 Rxe4 31. Rxe4 Rf8 32. Kd2 g5
33. Ke2 c6 34. Kf3 Kc7 35. Kg4 Rg8 36. Rd4 Re8 37. Rd7+ Kc8 38. Rd6 Kc7 39.
Rd7+ Kc8 40. Rd6 c5 41. Kf3 Re7 42. Rd5 Rg7 43. e7 Rxe7 44. Rxg5 Re3+ 45. Kf2
Re4 46. c3 Re3 47. Rf5 Rd3 48. Ke2 Rh3 49. Rxf4 Rh2+ 50. Rf2 Rxf2+ 51. Kxf2 Kd7
52. Kf3 Kd6 53. Kf4 b5 54. Kf5 Kd5 55. Kf4 a5 56. a3 Kd6 1/2-1/2

[Event "SG Gladbeck 1 - SG Bochum 3"]
[Site "Verbandsklasse - Gruppe 1 202"]
[Date "2022.05.29"]
[Round "5.5"]
[White "Gerzen, Robin"]
[Black "Rickert, Dirk"]
[Result "1/2-1/2"]
[WhiteElo "1665"]
[BlackElo "1784"]
[PlyCount "31"]
[EventDate "2022.??.??"]
[WhiteTeam "SG Bochum 3"]
[BlackTeam "SG Gladbeck 1"]

1. e4 c6 2. d4 d5 3. Nc3 dxe4 4. Nxe4 g6 5. Nf3 Bg7 6. c3 Nd7 7. Bc4 Nb6 8. Bb3
Nf6 9. Ng3 O-O 10. O-O Qc7 11. Re1 Nbd5 12. Bg5 h6 13. Bd2 Bg4 14. h3 Bxf3 15.
Qxf3 a5 16. a4 1/2-1/2

[Event "SG Gladbeck 1 - SG Bochum 3"]
[Site "Verbandsklasse - Gruppe 1 202"]
[Date "2022.05.29"]
[Round "5.6"]
[White "Kasten, Jorst"]
[Black "Butschek, Gerhard"]
[Result "1/2-1/2"]
[WhiteElo "1693"]
[BlackElo "1660"]
[PlyCount "36"]
[EventDate "2022.??.??"]
[WhiteTeam "SG Gladbeck 1"]
[BlackTeam "SG Bochum 3"]

1. Nf3 b6 2. d4 Bb7 3. e3 Nf6 4. c4 e6 5. Be2 Be7 6. Nc3 a6 7. O-O h6 8. a3 d6
9. Qc2 Nbd7 10. Rd1 c5 11. b3 cxd4 12. Nxd4 d5 13. cxd5 Nxd5 14. Nxd5 Bxd5 15.
e4 Rc8 16. Qb1 Bb7 17. Be3 Qc7 18. Rc1 Qb8 1/2-1/2

[Event "SG Gladbeck 1 - SG Bochum 3"]
[Site "Verbandsklasse - Gruppe 1 202"]
[Date "2022.05.29"]
[Round "5.7"]
[White "Illner, Jan"]
[Black "Grimmek, Werner"]
[Result "1/2-1/2"]
[WhiteElo "1616"]
[BlackElo "1363"]
[PlyCount "34"]
[EventDate "2022.??.??"]
[WhiteTeam "SG Bochum 3"]
[BlackTeam "SG Gladbeck 1"]

1. d4 d5 2. c4 e6 3. Nf3 Nf6 4. Bg5 Be7 5. e3 Nbd7 6. cxd5 Nxd5 7. Bxe7 Qxe7 8.
Nc3 c6 9. a3 O-O 10. Bd3 h6 11. O-O b6 12. Qc2 Bb7 13. b4 Rac8 14. Rfc1 Rfe8
15. Ne4 N7f6 16. Nxf6+ Nxf6 17. Ne5 Qc7 1/2-1/2

[Event "SG Gladbeck 1 - SG Bochum 3"]
[Site "Verbandsklasse - Gruppe 1 202"]
[Date "2022.05.29"]
[Round "5.8"]
[White "Praß, Daniel"]
[Black "Benning, Martin"]
[Result "1/2-1/2"]
[WhiteElo "1466"]
[BlackElo "1612"]
[PlyCount "48"]
[EventDate "2022.??.??"]
[WhiteTeam "SG Gladbeck 1"]
[BlackTeam "SG Bochum 3"]

1. e4 c5 2. Nf3 e6 3. d4 cxd4 4. Nxd4 Bc5 5. Nc3 Qb6 6. Na4 Qa5+ 7. Nc3 Nf6 8.
f3 Nc6 9. Nxc6 bxc6 10. a3 Qb6 11. Qd2 Qc7 12. Qg5 Bf8 13. Bd3 h6 14. Qe3 d5
15. e5 Nd7 16. f4 Be7 17. b4 O-O 18. Ne2 a5 19. bxa5 Rxa5 20. Qg3 Ba6 21. O-O
Bxd3 22. cxd3 Rfa8 23. d4 c5 24. f5 Kh7 1/2-1/2

[Event "SC Rochade Rüttenscheid 1 - SV Welper 2"]
[Site "Verbandsklasse - Gruppe 2 202"]
[Date "2022.05.29"]
[Round "5.1"]
[White "Marx, Patrick"]
[Black "Michalek, Christoph"]
[Result "0-1"]
[WhiteElo "1958"]
[BlackElo "2141"]
[PlyCount "48"]
[EventDate "2022.??.??"]
[WhiteTeam "SV Welper 2"]
[BlackTeam "SC Rochade Rüttenscheid 1"]

1. d4 Nf6 2. Nf3 d5 3. Bf4 c5 4. e3 Nc6 5. c3 Qb6 6. Qc1 Bf5 7. Nbd2 h6 8. Be2
Rc8 9. O-O e6 10. Ne5 Be7 11. h3 O-O 12. Ndf3 Nb8 13. Bd3 Ne4 14. Bc2 f6 15.
Nd3 Nd7 16. dxc5 Ndxc5 17. Nxc5 Bxc5 18. Nd2 Nxd2 19. Qxd2 Qxb2 20. Rfc1 Bxc2
21. Qxc2 Qxc2 22. Rxc2 Bb6 23. a4 Ba5 24. Rb1 b6 0-1

[Event "SC Rochade Rüttenscheid 1 - SV Welper 2"]
[Site "Verbandsklasse - Gruppe 2 202"]
[Date "2022.05.29"]
[Round "5.3"]
[White "Heidt, Viktor"]
[Black "Koprek, Juergen"]
[Result "1/2-1/2"]
[WhiteElo "1816"]
[BlackElo "1882"]
[PlyCount "44"]
[EventDate "2022.??.??"]
[WhiteTeam "SV Welper 2"]
[BlackTeam "SC Rochade Rüttenscheid 1"]

1. c4 e6 2. Nc3 d5 3. e3 c6 4. Nf3 Nd7 5. b3 Ngf6 6. Bb2 Be7 7. Be2 O-O 8. O-O
Re8 9. d4 Bd6 10. Qc2 Nf8 11. e4 dxe4 12. Nxe4 Nxe4 13. Qxe4 Qe7 14. Bd3 h6 15.
Rfe1 Bd7 16. Ne5 Rad8 17. f4 f5 18. Qf3 Bxe5 19. Rxe5 Qf7 20. Rd1 Bc8 21. Bc2
Qc7 22. b4 Ng6 1/2-1/2

[Event "SC Rochade Rüttenscheid 1 - SV Welper 2"]
[Site "Verbandsklasse - Gruppe 2 202"]
[Date "2022.05.29"]
[Round "5.4"]
[White "Furchtbar, Uwe"]
[Black "Hoettler, Alexander Walter"]
[Result "0-1"]
[WhiteElo "1848"]
[BlackElo "1819"]
[PlyCount "90"]
[EventDate "2022.??.??"]
[WhiteTeam "SC Rochade Rüttenscheid 1"]
[BlackTeam "SV Welper 2"]

1. c4 Nf6 2. Nc3 g6 3. g3 Bg7 4. Bg2 O-O 5. Rb1 d6 6. d3 e5 7. Nf3 Nc6 8. O-O
h6 9. b4 Rb8 10. Ne1 Ne7 11. Nd5 Nfxd5 12. cxd5 Bd7 13. b5 f5 14. f4 Kh7 15. a4
exf4 16. gxf4 Ng8 17. Be3 b6 18. Nf3 Nf6 19. Bf2 Nxd5 20. Ng5+ hxg5 21. Bxd5
gxf4 22. Rb4 Bh6 23. Qc2 Qg5+ 24. Kh1 Rfc8 25. Rg1 Qe7 26. e3 Be6 27. Bf3 fxe3
28. Bh4 Qf7 29. Bg5 Bxg5 30. Rxg5 Qf6 31. Rg1 g5 32. Qe2 f4 33. Be4+ Kh6 34.
Rg4 d5 35. Bf3 Bxg4 36. Bxg4 Rh8 37. Qf3 Rbd8 38. d4 Qe7 39. Rb3 Qe4 40. Rc3
Qxf3+ 41. Bxf3 Rd7 42. Rc6+ Kg7 43. Bg4 Re7 44. Rc2 Rh4 45. Bf3 g4 0-1

[Event "SC Rochade Rüttenscheid 1 - SV Welper 2"]
[Site "Verbandsklasse - Gruppe 2 202"]
[Date "2022.05.29"]
[Round "5.5"]
[White "Wallhof, Dieter"]
[Black "Storp, Thomas"]
[Result "0-1"]
[WhiteElo "1804"]
[BlackElo "1831"]
[PlyCount "84"]
[EventDate "2022.??.??"]
[WhiteTeam "SV Welper 2"]
[BlackTeam "SC Rochade Rüttenscheid 1"]

1. d4 d5 2. Nf3 Nf6 3. e3 e6 4. Bd3 c5 5. c3 Nc6 6. O-O Bd6 7. Nbd2 O-O 8. Re1
e5 9. dxc5 Bxc5 10. Bb5 Qc7 11. h3 a6 12. Bxc6 bxc6 13. Qc2 h6 14. b3 Bd6 15.
Bb2 c5 16. Red1 Be6 17. Rac1 Rac8 18. Nf1 Rfd8 19. Qe2 Qb6 20. Ba1 a5 21. g4
Ne4 22. Qc2 Qb7 23. N3h2 Nf6 24. f3 Qb6 25. Kg2 c4 26. bxc4 Rxc4 27. Qe2 Qc7
28. Nd2 Rc6 29. c4 d4 30. Nhf1 Ba3 31. Rb1 d3 32. Qf2 Bxc4 33. Qg3 Bxa2 34.
Bxe5 Qe7 35. Bxf6 Qxf6 36. Ne4 Rc2+ 37. Kh1 Qc6 38. Rb8 Qd7 39. Rxd8+ Qxd8 40.
Nf2 d2 41. Qf4 Bc4 42. Ng3 Rc1 0-1

[Event "SC Rochade Rüttenscheid 1 - SV Welper 2"]
[Site "Verbandsklasse - Gruppe 2 202"]
[Date "2022.05.29"]
[Round "5.6"]
[White "Bruckmann, Jochen"]
[Black "Sharma, Rakesh"]
[Result "0-1"]
[WhiteElo "1786"]
[BlackElo "1762"]
[PlyCount "62"]
[EventDate "2022.??.??"]
[WhiteTeam "SC Rochade Rüttenscheid 1"]
[BlackTeam "SV Welper 2"]

1. d4 c6 2. e4 d5 3. e5 c5 4. c3 Nc6 5. Bb5 Bf5 6. Be3 Qb6 7. Qe2 c4 8. Ba4 Bd3
9. Qd2 e6 10. Ne2 Nge7 11. Na3 Ng6 12. Nc2 Qxb2 13. O-O Qb6 14. Ne1 Bxe2 15.
Qxe2 Qa5 16. Bxc6+ bxc6 17. f4 Qxc3 18. Rb1 Be7 19. f5 exf5 20. Rxf5 O-O 21.
Rb7 Rab8 22. Rxb8 Rxb8 23. Bf2 Rb2 24. Qg4 Qd2 25. h4 c3 26. h5 Nf8 27. Qf3 Rb1
28. Kf1 c2 29. Rxf7 c1=Q 30. Rxf8+ Bxf8 31. Qg3 Qf4 0-1

[Event "SC Rochade Rüttenscheid 1 - SV Welper 2"]
[Site "Verbandsklasse - Gruppe 2 202"]
[Date "2022.05.29"]
[Round "5.7"]
[White "Berke, Martin"]
[Black "Busacker, Holger"]
[Result "1/2-1/2"]
[WhiteElo "1748"]
[BlackElo "1795"]
[PlyCount "20"]
[EventDate "2022.??.??"]
[WhiteTeam "SV Welper 2"]
[BlackTeam "SC Rochade Rüttenscheid 1"]

1. e4 c5 2. Nf3 e6 3. d4 cxd4 4. Nxd4 Nf6 5. Nc3 Bb4 6. e5 Nd5 7. Qg4 g6 8. Qg3
Nc6 9. Ndb5 Nxc3 10. Nxc3 Qa5 1/2-1/2

[Event "SC Rochade Rüttenscheid 1 - SV Welper 2"]
[Site "Verbandsklasse - Gruppe 2 202"]
[Date "2022.05.29"]
[Round "5.8"]
[White "Richters, Marc"]
[Black "Kleff, Tim"]
[Result "1-0"]
[WhiteElo "1861"]
[BlackElo "1680"]
[PlyCount "77"]
[EventDate "2022.??.??"]
[WhiteTeam "SC Rochade Rüttenscheid 1"]
[BlackTeam "SV Welper 2"]

1. e4 e5 2. Nf3 Nc6 3. d4 exd4 4. Nxd4 Bc5 5. Be3 Bb6 6. Nc3 d6 7. Nd5 Bd7 8.
Nxb6 axb6 9. Nf5 Bxf5 10. exf5 Qf6 11. Bd3 Qxb2 12. O-O Nge7 13. Qf3 Qf6 14. g4
g5 15. Rfe1 O-O-O 16. Qe4 Rhe8 17. Qa4 Kb8 18. Rab1 Na5 19. Bd4 Qh6 20. f6 Nec6
21. Bc3 Ne5 22. Be2 Qxf6 23. Qe4 Qf4 24. Qg2 Nac6 25. a4 Ng6 26. a5 Nh4 27. Qg3
bxa5 28. Qxf4 gxf4 29. Bf6 f3 30. Bb5 Ng2 31. Rxe8 Rxe8 32. Bxc6 Re6 33. Bc3
Nh4 34. Bxb7 Ka7 35. Bd5 Rg6 36. Kf1 Rxg4 37. Rb7+ Ka6 38. Rxc7 Ra4 39. Rc4 1-0

[Event "SV Horst-Emscher 2 - SC Doppelbauer Bra"]
[Site "Verbandsklasse - Gruppe 2 202"]
[Date "2022.05.29"]
[Round "5.1"]
[White "Schulz, Hartmut"]
[Black "Becker, Marco"]
[Result "1-0"]
[WhiteElo "2022"]
[BlackElo "1925"]
[PlyCount "45"]
[EventDate "2022.??.??"]
[WhiteTeam "SC Doppelbauer Brambauer 1"]
[BlackTeam "SV Horst-Emscher 2"]

1. c4 Nf6 2. Nc3 e6 3. e4 d5 4. e5 Ng8 5. d4 c6 6. Nf3 Bb4 7. Bd3 Ne7 8. O-O
dxc4 9. Bxc4 Nd5 10. Ne4 Nd7 11. Bg5 Qc7 12. a3 Bf8 13. Rc1 N7b6 14. Ba2 h6 15.
Bh4 g5 16. Bg3 Qd8 17. h3 Bd7 18. Qd2 Nc8 19. Bxd5 exd5 20. Nf6+ Ke7 21. Qb4+
Ke6 22. Qxb7 Qb6 23. Qxd7# 1-0

[Event "SV Horst-Emscher 2 - SC Doppelbauer Bra"]
[Site "Verbandsklasse - Gruppe 2 202"]
[Date "2022.05.29"]
[Round "5.3"]
[White "Koth, Stefan"]
[Black "Hiebsch, Catalina"]
[Result "1-0"]
[WhiteElo "2062"]
[BlackElo "1775"]
[PlyCount "155"]
[EventDate "2022.??.??"]
[WhiteTeam "SC Doppelbauer Brambauer 1"]
[BlackTeam "SV Horst-Emscher 2"]

1. c4 c5 2. Nc3 Nc6 3. Nf3 g6 4. d4 cxd4 5. Nxd4 Bg7 6. e3 d6 7. Be2 Nh6 8.
Nxc6 bxc6 9. e4 f5 10. O-O O-O 11. Bf3 Bd7 12. Qd3 Rb8 13. Re1 f4 14. h3 Qa5
15. Re2 Qe5 16. Rc2 g5 17. Qe2 Qe6 18. b3 g4 19. hxg4 Nxg4 20. Bb2 Ne5 21. Rd1
Qg6 22. Kf1 Nxf3 23. gxf3 Qh5 24. Qd3 Kf7 25. Ke2 Rh8 26. Rcc1 Qa5 27. Rh1 h5
28. Rh4 Qg5 29. Rch1 Rh6 30. Qd2 e5 31. Na4 Ke7 32. Qa5 Rb7 33. Nc3 Be8 34. c5
Kd7 35. cxd6 Rxd6 36. Ba3 Rh6 37. Na4 Kc8 38. Nc5 Rc7 39. Qa6+ Kb8 40. Qc4 Bf7
41. Na6+ Kc8 42. Qb4 Rb7 43. Qa4 Qd8 44. Nc5 Re7 45. Rd1 Qb6 46. Rc1 Rc7 47.
Na6 Rb7 48. Bc5 Qb5+ 49. Qxb5 Rxb5 50. Rhh1 Kb7 51. Nb4 a5 52. Nd3 Kc7 53. Rc3
h4 54. Nb2 h3 55. Rh2 Be6 56. Na4 Rg6 57. Kf1 Bc8 58. Rc2 Rf6 59. Ba3 Bf8 60.
Nc3 Kb6 61. Nxb5 Kxb5 62. Bxf8 Rxf8 63. a3 Rd8 64. Ke2 Be6 65. Rc3 c5 66. Rh1
Rd4 67. Rb1 Bf7 68. Kf1 Be6 69. Kg1 Rd2 70. Rbc1 c4 71. bxc4+ Kc5 72. Rb3 Bxc4
73. Rb8 Rd4 74. Kh2 Kd6 75. Kxh3 Be6+ 76. Kg2 a4 77. Rb6+ Kd7 78. Rc5 1-0

[Event "SV Horst-Emscher 2 - SC Doppelbauer Bra"]
[Site "Verbandsklasse - Gruppe 2 202"]
[Date "2022.05.29"]
[Round "5.4"]
[White "Schreiner, Paulo"]
[Black "Czeratzki, Michael"]
[Result "1-0"]
[WhiteElo "1796"]
[BlackElo "1928"]
[PlyCount "85"]
[EventDate "2022.??.??"]
[WhiteTeam "SV Horst-Emscher 2"]
[BlackTeam "SC Doppelbauer Brambauer 1"]

1. d4 e6 2. c4 f5 3. Nc3 Nf6 4. Bf4 Bb4 5. a3 Bxc3+ 6. bxc3 O-O 7. Nf3 d6 8.
Qc2 b6 9. Nd2 Bb7 10. f3 Nbd7 11. Bg3 Nh5 12. Bf2 Ndf6 13. e3 Qe8 14. Be2 g6
15. O-O e5 16. c5 Kh8 17. cxd6 cxd6 18. Qb2 h6 19. a4 Kh7 20. a5 exd4 21. cxd4
Nd5 22. Bb5 Bc6 23. Bxc6 Qxc6 24. Rfc1 Qd7 25. e4 fxe4 26. Nxe4 Nhf6 27. Rc2
Rab8 28. Nxf6+ Nxf6 29. axb6 axb6 30. Qb3 Rb7 31. Bh4 g5 32. Bg3 Nh5 33. Qd3+
Kg7 34. Bf2 b5 35. d5 Qf5 36. Qxf5 Rxf5 37. g4 Rxf3 38. gxh5 Rd3 39. Rc6 Rxd5
40. Raa6 g4 41. Rxd6 Rxh5 42. Bd4+ Kh7 43. Ra8 1-0

[Event "SV Horst-Emscher 2 - SC Doppelbauer Bra"]
[Site "Verbandsklasse - Gruppe 2 202"]
[Date "2022.05.29"]
[Round "5.5"]
[White "Zimmermann, Dirk"]
[Black "Rydzewski, Klaus"]
[Result "1/2-1/2"]
[WhiteElo "1861"]
[BlackElo "1841"]
[PlyCount "25"]
[EventDate "2022.??.??"]
[WhiteTeam "SC Doppelbauer Brambauer 1"]
[BlackTeam "SV Horst-Emscher 2"]

1. e4 e6 2. d4 d5 3. Nc3 Nf6 4. Bg5 Bb4 5. e5 h6 6. Bd2 Bxc3 7. bxc3 Ne4 8. Bd3
Nxd2 9. Qxd2 c5 10. Nf3 Nc6 11. Bb5 Qb6 12. Bxc6+ Qxc6 13. O-O 1/2-1/2

[Event "SV Horst-Emscher 2 - SC Doppelbauer Bra"]
[Site "Verbandsklasse - Gruppe 2 202"]
[Date "2022.05.29"]
[Round "5.6"]
[White "Kotter, Michael"]
[Black "Jochmann, Christian"]
[Result "1/2-1/2"]
[WhiteElo "1852"]
[BlackElo "1875"]
[PlyCount "37"]
[EventDate "2022.??.??"]
[WhiteTeam "SV Horst-Emscher 2"]
[BlackTeam "SC Doppelbauer Brambauer 1"]

1. Nc3 d5 2. e4 e6 3. d4 Nf6 4. Bg5 Be7 5. exd5 exd5 6. Nf3 O-O 7. Be2 c6 8.
O-O h6 9. Bh4 Bf5 10. Re1 Nbd7 11. Bd3 Bxd3 12. Qxd3 Re8 13. Re2 Bd6 14. Rxe8+
Qxe8 15. Re1 Qf8 16. Nd2 Re8 17. Rxe8 Qxe8 18. Qe2 Qxe2 19. Nxe2 1/2-1/2

[Event "SV Horst-Emscher 2 - SC Doppelbauer Bra"]
[Site "Verbandsklasse - Gruppe 2 202"]
[Date "2022.05.29"]
[Round "5.7"]
[White "Thormann, Olaf"]
[Black "Jacubowski, Andreas"]
[Result "1/2-1/2"]
[WhiteElo "1785"]
[BlackElo "1865"]
[PlyCount "43"]
[EventDate "2022.??.??"]
[WhiteTeam "SC Doppelbauer Brambauer 1"]
[BlackTeam "SV Horst-Emscher 2"]

1. e4 Nf6 2. Nc3 d5 3. exd5 Nxd5 4. Qf3 c6 5. Bc4 e6 6. Nh3 Be7 7. Ne4 O-O 8.
a3 Nd7 9. d4 N7f6 10. Nxf6+ Bxf6 11. c3 Re8 12. O-O b5 13. Bd3 g6 14. Re1 e5
15. dxe5 Bxh3 16. Qxh3 Bxe5 17. Bh6 Qd6 18. Rad1 Rad8 19. Be4 a6 20. a4 Qc5 21.
axb5 axb5 22. Qf3 1/2-1/2

[Event "SV Horst-Emscher 2 - SC Doppelbauer Bra"]
[Site "Verbandsklasse - Gruppe 2 202"]
[Date "2022.05.29"]
[Round "5.8"]
[White "Rohsiepe, Sebastian"]
[Black "Krawczyk, Christian"]
[Result "1/2-1/2"]
[WhiteElo "1629"]
[BlackElo "1434"]
[PlyCount "21"]
[EventDate "2022.??.??"]
[WhiteTeam "SV Horst-Emscher 2"]
[BlackTeam "SC Doppelbauer Brambauer 1"]

1. e4 e5 2. Nf3 d6 3. Bc4 Nc6 4. Nc3 Be7 5. O-O Nf6 6. Re1 O-O 7. h3 h6 8. b3
Nh7 9. Bb2 Ng5 10. Nd5 Be6 11. Nxe7+ 1/2-1/2

[Event "Bochumer SV 3 - SK Werne 1"]
[Site "Verbandsklasse - Gruppe 3 202"]
[Date "2022.05.29"]
[Round "5.1"]
[White "Schlierkamp, Ferdinand"]
[Black "Birkemeyer, Jan"]
[Result "1-0"]
[WhiteElo "2003"]
[BlackElo "1703"]
[Annotator "daniel"]
[PlyCount "105"]
[EventDate "2022.??.??"]
[WhiteTeam "SK Werne 1"]
[BlackTeam "Bochumer SV 3"]

1. e4 c5 2. Nf3 e6 3. d4 cxd4 4. Nxd4 a6 5. c4 Nf6 6. Bd3 Bc5 7. Nc2 d6 8. O-O
Nbd7 9. Nc3 Ne5 10. Be2 Qc7 11. Kh1 h5 12. f3 Bd7 13. Be3 Bc6 14. Qd2 Rd8 15.
b4 Bxe3 16. Qxe3 b6 17. a4 Bb7 18. Na3 Rc8 19. Rac1 O-O 20. h3 Ng6 21. f4 e5
22. Nd5 Bxd5 23. cxd5 exf4 24. Rxc7 fxe3 25. Rfc1 Rxc7 26. Rxc7 Nxe4 27. Bxa6
Nf4 28. Nc2 Nxd5 29. Rc4 $11 Re8 30. Bb7 Ndf6 31. a5 d5 32. Rc8 Rxc8 33. Bxc8
e2 34. a6 Ne8 35. Bb7 Ng3+ 36. Kg1 d4 37. Ne1 Nc7 38. a7 h4 39. Kf2 Kf8 40.
a8=Q+ Nxa8 41. Bxa8 Ke7 42. Bf3 Kd6 43. Bxe2 Kd5 44. Bd3 g5 45. Nf3 f6 46. Nd2
Kc6 47. Kf3 Kd5 48. Kg4 Kc6 49. Bc4 Kd6 50. Nf3 Ne4 51. Nxd4 Ke7 52. Nf5+ Kd7
53. Kh5 1-0

[Event "Bochumer SV 3 - SK Werne 1"]
[Site "Verbandsklasse - Gruppe 3 202"]
[Date "2022.05.29"]
[Round "5.2"]
[White "Hofer, Stefan"]
[Black "Schnelting, Michael"]
[Result "1/2-1/2"]
[WhiteElo "1820"]
[BlackElo "1920"]
[PlyCount "97"]
[EventDate "2022.??.??"]
[WhiteTeam "Bochumer SV 3"]
[BlackTeam "SK Werne 1"]

1. e4 d6 2. d4 Nf6 3. Nc3 e5 4. Nf3 exd4 5. Nxd4 Be7 6. Bf4 O-O 7. Qd2 Re8 8.
O-O-O Nc6 9. f3 a6 10. g4 Nxd4 11. Qxd4 Be6 12. h4 Nd7 13. Bg3 Bf6 14. Qe3 Bxc3
15. Qxc3 Qf6 16. Qxf6 Nxf6 17. Rd4 Nd7 18. Bc4 a5 19. Rhd1 Nc5 20. Bxe6 fxe6
21. Kd2 e5 22. Rd5 Rf8 23. Ke3 Ne6 24. c3 Rf7 25. Rf1 g6 26. Rf2 b6 27. f4
exf4+ 28. Bxf4 Re8 29. Bg3 Nc5 30. Rd4 Rfe7 31. e5 dxe5 32. Rd5 e4 33. Rf6 Nd3
34. Rc6 Rf7 35. Bxc7 Nxb2 36. Be5 Nd3 37. Kxe4 Nf2+ 38. Kd4 Nxg4 39. Rxb6 Nxe5
40. Rxe5 Rf4+ 41. Kd5 Rxe5+ 42. Kxe5 Rxh4 43. Kd5 Kf7 44. c4 Ke7 45. c5 g5 46.
Rb7+ Kd8 47. Rg7 Rh2 48. Rxg5 Rxa2 49. Rg8+ 1/2-1/2

[Event "Bochumer SV 3 - SK Werne 1"]
[Site "Verbandsklasse - Gruppe 3 202"]
[Date "2022.05.29"]
[Round "5.3"]
[White "Meya, Carsten"]
[Black "Abdullayev, Elchin"]
[Result "1-0"]
[WhiteElo "1831"]
[BlackElo "1873"]
[PlyCount "121"]
[EventDate "2022.??.??"]
[WhiteTeam "SK Werne 1"]
[BlackTeam "Bochumer SV 3"]

1. e4 c5 2. Nc3 Nc6 3. Bc4 e6 4. a3 a6 5. d3 Nge7 6. Nf3 Ng6 7. O-O Be7 8. Bd2
O-O 9. Ba2 b5 10. Ne2 d5 11. exd5 exd5 12. h3 Bf6 13. Rb1 Qd6 14. Qc1 Nce5 15.
Nxe5 Bxe5 16. b4 c4 17. d4 Bf6 18. c3 Re8 19. Nf4 Bd8 20. Re1 Bd7 21. Rxe8+
Bxe8 22. Nxg6 Qxg6 23. Bf4 Bd7 24. Qe3 h6 25. Re1 Be6 26. Bb1 Qh5 27. g4 Qh4
28. Qg3 Qxg3+ 29. Bxg3 a5 30. Bd6 axb4 31. Bxb4 Bg5 32. Kg2 Bd2 33. Re2 Bc1 34.
Ra2 g5 35. Bc2 Kg7 36. a4 bxa4 37. Rxa4 Re8 38. Ra1 Bf4 39. Kf3 h5 40. gxh5 Kh6
41. h4 Bd2 42. hxg5+ Kxg5 43. Rg1+ Kxh5 44. Ke2 Bf4 45. Kf3 Bc7 46. Ba3 Bd8 47.
Ba4 Re7 48. Bxe7 Bxe7 49. Kf4 Bd8 50. Bd1+ Kh6 51. Bg4 Bc7+ 52. Ke3 f5 53. Bf3
Ba5 54. Kd2 Bc7 55. Ra1 Kg5 56. Ra6 Bg8 57. Ra7 Bf4+ 58. Ke2 Kf6 59. Ra5 Bc7
60. Rb5 Bf7 61. Bxd5 1-0

[Event "Bochumer SV 3 - SK Werne 1"]
[Site "Verbandsklasse - Gruppe 3 202"]
[Date "2022.05.29"]
[Round "5.5"]
[White "Hoerstrup, Robert"]
[Black "Candogan, Yavus"]
[Result "0-1"]
[WhiteElo "1713"]
[BlackElo "1752"]
[PlyCount "88"]
[EventDate "2022.??.??"]
[WhiteTeam "SK Werne 1"]
[BlackTeam "Bochumer SV 3"]

1. e4 c5 2. c3 e5 3. d4 cxd4 4. cxd4 exd4 5. Qxd4 Nc6 6. Qa4 Nf6 7. Nf3 Qb6 8.
Be2 Bb4+ 9. Bd2 Nxe4 10. O-O Nxd2 11. Nbxd2 Bxd2 12. Qe4+ Ne7 13. Nxd2 d5 14.
Qe5 f6 15. Qh5+ g6 16. Qf3 O-O 17. Nb3 Bf5 18. Rad1 Be4 19. Qh3 Rad8 20. Rd2
Kg7 21. Rfd1 Rd6 22. Kf1 Rfd8 23. Bf3 Bxf3 24. Qxf3 d4 25. Qe4 Nc6 26. Kg1 R8d7
27. h3 a5 28. Kh2 a4 29. Nc1 Ne5 30. b3 axb3 31. Nxb3 Nc6 32. Qf4 d3 33. Qe4
Qb5 34. Nc1 Rd4 35. Qe3 Ne5 36. Nb3 R4d5 37. Qg3 h5 38. Nc1 g5 39. f4 h4 40.
Qf2 Ng6 41. fxg5 fxg5 42. Qe3 Nf4 43. Kh1 Qc4 44. Kg1 Ne2+ 0-1

[Event "Bochumer SV 3 - SK Werne 1"]
[Site "Verbandsklasse - Gruppe 3 202"]
[Date "2022.05.29"]
[Round "5.6"]
[White "Hartenberg, Yannick"]
[Black "Hoeselbarth, Thomas"]
[Result "1-0"]
[WhiteElo "1671"]
[BlackElo "1571"]
[PlyCount "83"]
[EventDate "2022.??.??"]
[WhiteTeam "Bochumer SV 3"]
[BlackTeam "SK Werne 1"]

1. e4 e5 2. Nf3 Nc6 3. d4 exd4 4. Nxd4 Bc5 5. Be3 d6 6. Nxc6 bxc6 7. Bxc5 dxc5
8. Qxd8+ Kxd8 9. Nc3 Be6 10. Na4 c4 11. Nc5 Ke7 12. Nxe6 Kxe6 13. Bxc4+ Ke7 14.
O-O Nf6 15. Rad1 Rad8 16. f3 Rhe8 17. Bb3 Nd7 18. Ba4 Nb8 19. Kf2 Rd6 20. e5
Re6 21. f4 Kf8 22. Rd3 f6 23. Bb3 R6e7 24. e6 Na6 25. f5 Nc5 26. Rd4 Nxb3 27.
axb3 Rb8 28. Rfd1 Ke8 29. Kf3 h6 30. g4 Kf8 31. Ke3 Rb5 32. Rd8+ Re8 33. R8d7
Re7 34. R1d3 Re5+ 35. Kd2 Rc5 36. b4 Rb5 37. R3d4 c5 38. bxc5 Rxc5 39. Rd8+ Re8
40. b4 Rc6 41. R4d7 Rxd8 42. e7+ 1-0